| 000 | 01248nam a22002777a 4500 | ||
|---|---|---|---|
| 001 | 9057 | ||
| 003 | FISKH | ||
| 005 | 20251118111415.0 | ||
| 008 | 251118b cb ||||| |||| 00| 0 eng d | ||
| 020 | _a9780194643818 | ||
| 040 |
_aFISKH _beng _cFISKH _dFISKH |
||
| 050 | _aPE1126.A4 U6375 | ||
| 082 | _a 624.1 | ||
| 100 | _aUndrill, Fiona | ||
| 245 |
_aSuper structures / _cFiona Undrill |
||
| 260 |
_aNew York: _bOxford University Press, _c2010. |
||
| 300 |
_a48 pages : _bcolor illustrations ; _c21 cm |
||
| 490 |
_aOxford read and discover : _vDiscover book 3. |
||
| 505 | _aR | ||
| 520 | _aThis exciting new series of non-fiction readers provides interesting and educational content, with activities and project work. The readers are graded at four levels, from 3 to 6, suitable for students from age 8 and older. They can support Content and Language Integrated Learning (CLIL), andcover a broad range of topics, within three curriculum areas:The World of Science and TechnologyThe Natural WorldThe World of Arts and Social StudiesAlso available for each reader | ||
| 521 |
_a680
_bLexile |
||
| 521 |
_aR
_bRaz-Plus |
||
| 650 |
_aSuper structures _vArchitecture _xEngineering |
||
| 942 |
_2ddc _cBK _n0 |
||
| 999 |
_c9057 _d9057 |
||